| 000 | 00620nam a2200217 a 4500 | ||
|---|---|---|---|
| 001 | 51431 | ||
| 003 | BD-RjUL | ||
| 005 | 20211209075646.0 | ||
| 008 | 160831s1950 ii ||||| |||| 00| 0 eng d | ||
| 035 | _a(BD-RjUL)51551 | ||
| 040 |
_aBD-RjUL _beng _cBD-RjUL _dBD-RjUL |
||
| 041 | _aeng | ||
| 082 |
_223 _a345.41101 _bSCU 1950 |
||
| 100 |
_aScholar _9139089 |
||
| 245 | 1 | 0 |
_aUniversity questions with answers on criminal procedure code 1935-1949 / _cby Scholar |
| 250 | _a2nd ed. | ||
| 260 |
_aCalcutta : _bEastern law house ltd., _c1950 |
||
| 300 |
_aPt. ; _c19 cm. |
||
| 650 |
_aCriminal Code _9153845 |
||
| 942 |
_2ddc _cBK |
||
| 999 |
_c51431 _d51431 |
||